تجربة ماليزيا في تطبيق الاقتصاد الاسلامي : تحليل وتقديم

Bibliographic Details
Main Author: حصري, نبيه فرج امين (Author)
Format: Book
Language:Arabic
Published: Iskandariyah : Dar al-Fikr al-Jami`i , 2009
Subjects:

MARC

LEADER 00000cam a2200000 7i4500
001 0000061321
005 20100328093000.0
008 090319s2009 ua ara
020 |a 9771758804 
050 0 0 |a BP173.75   |b .H87 2009 
090 0 0 |a BP173.75   |b .H87 2009 
100 1 |a حصري, نبيه فرج امين ,   |e author 
245 1 0 |a تجربة ماليزيا في تطبيق الاقتصاد الاسلامي :   |b تحليل وتقديم   |c نبيه فرج امين الحصري 
260 |a Iskandariyah :   |b Dar al-Fikr al-Jami`i ,   |c 2009 
300 |a 232 p. ;   |c 24 cm. 
504 |a Includes bibliographical references (p. 225-231) 
650 0 |a Economics   |x Religious aspects   |x Islam 
650 0 |a Islam   |z Malaysia   |x Economic aspects 
651 0 |a Malaysia   |x Economic conditions 
740 0 2 |a Tajrubat Maliziya fi tatbiq al-iqtisad al-Islami 
999 |a 1000125015   |b Book   |c OPEN SHELF (30 DAYS)   |e Gong Badak Campus 
999 |a 1000148208   |b Book   |c OPEN SHELF (30 DAYS)   |e Gong Badak Campus